Justo a tiempo : la técnica japonesa que genera mayor ventaja competitiva = Just in time
Spremljeno u:
| Glavni autor: | |
|---|---|
| Daljnji autori: | |
| Format: | Knjiga |
| Izdano: |
Barcelona : Norma
1989
|
| Teme: | |
| Oznake: |
Dodaj oznaku
Bez oznaka, Budi prvi tko označuje ovaj zapis!
|
MARC
| LEADER | 00000nam a2200000Ia 4500 | ||
|---|---|---|---|
| 003 | 000505 | ||
| 005 | 20221231144020.0 | ||
| 008 | 140114s1989 ck a 000 ||s d | ||
| 040 | |c cru CEDI | ||
| 082 | |a 658.534 H412j | ||
| 100 | |a Hay, Edward J. |9 18513 | ||
| 245 | |a Justo a tiempo : la técnica japonesa que genera mayor ventaja competitiva = Just in time | ||
| 246 | |a Just in time | ||
| 260 | |a Barcelona : Norma |c 1989 | ||
| 300 | |a viii, 247 páginas : ilustraciones | ||
| 500 | |a Título original : The just-in-time breakthrough : implementing the new manufacturing basics | ||
| 630 | |x PROCESOS DE MANUFACTURA |x PRODUCCION (TEORIA ECONOMICA) |x CONTROL |x JUSTO A TIEMPO (SISTEMA DE MANUFACTURA) |9 18515 | ||
| 700 | |9 18514 |a Cárdenas, Margarita |d Traductora | ||
| 942 | |2 ddc |c BK | ||
| 999 | |c 15639 |d 15639 | ||
